Proyecciones del desarollo latinoamericano hasta el año 2000 /

সংরক্ষণ করুন:
গ্রন্থ-পঞ্জীর বিবরন
প্রধান লেখক: Villagrán, Héctor
বিন্যাস: পাঠ‍্য
ট্যাগগুলো: ট্যাগ যুক্ত করুন
কোনো ট্যাগ নেই, প্রথমজন হিসাবে ট্যাগ করুন!

MARC

LEADER 00000 a a2200000 04500
001 45359
003
040
090 |a REV0780 (11)1982  
100 |a Villagrán, Héctor  
245 |a Proyecciones del desarollo latinoamericano hasta el año 2000 /  |c Héctor Villagrán  
773 |g número11, III Epoca (1982), páginas 2-8  
999 |c 27388  |d 27388